000 01903nkc a22002537a 4500
001 85842
005 20260429121521.0
007 kh bo
008 260429s1925 sp ||||| |||| |0| i|spa d
040 _aM-RABA
_bspa
_cM-RABA
245 0 1 _a[Pintura del S.XVII
_b:Velázquez, Ribera y Jusepe Leonardo]
_h[Material gráfico]
260 _c, 1925
300 _a4 fotografías
_b: aristotipo
_c, imagen 24 x 18 cm (medidas máximas)
500 0 0 _aConjunto de 4 fotografías que representan diferentes cuadros de los pintores Velázquez, Ribera y Jusepe Leonardo.
500 0 0 _aFot-806: Príncipe Baltasar Carlos a caballo (Velázquez). Este cuadro se conserva actualmente en el Museo del Prado (Madrid). Fot-807: Muchacha con pandero, el oído (Ribera). El cuadro fue vendido por Sotheby's en 2019. Fot-808: San Juan Bautista (Jusepe Leonardo). Una versión de este cuadro atribuida a Jusepe Leonardo se conserva en Los Angeles County Museum of Art. Fot-809: San Juan Bautista. Detalle. (Jusepe Leonardo). Detalle de FOT-808.
500 0 0 _aFecha de las fotografías tomada de una anotación a lápiz en el reverso de Fot-807.
655 7 _aFotografías de obras de arte
_975675
852 _jFot-806; Fot-807; Fot-808; Fot-809
856 _uhttps://archivoybiblioteca.realacademiabellasartessanfernando.com/cgi-bin/koha/opac-retrieve-file.pl?id=e7d8ebd26da458115927fd59fd593e36
_yFot-806
856 _uhttps://archivoybiblioteca.realacademiabellasartessanfernando.com/cgi-bin/koha/opac-retrieve-file.pl?id=72ba44f25b591a2e47ccc893ccb7f082
_yFot-807
856 _uhttps://archivoybiblioteca.realacademiabellasartessanfernando.com/cgi-bin/koha/opac-retrieve-file.pl?id=65fd82da76682d7ec1809d8a44372306
_yFot-808
856 _uhttps://archivoybiblioteca.realacademiabellasartessanfernando.com/cgi-bin/koha/opac-retrieve-file.pl?id=50a8508591d20c9c05bce73c08e804b0
_yFot-809
942 _cFOTOGRAFÍA
_n0
999 _c85842
_d85842